01000nam a2200301Ia 4500003000400000005001700004008004100021020001500062040001800077041000800095082002100103100002700124245007700151250001200228260005800240300002400298650003500322650003000357650001800387700002400405700002500429700002500454700002300479700002400502942003000526999001900556952012300575OSt20230727102756.0210716s1985 xx 000 0 und d a8185095868 cAIMIT LIBRARY aeng a005.43 21bWHIR aWhiddett, R J.9128499 aUnix :bpractical introduction for users /cBy R J Whiddett ...[et.al.]. a1st ed. aNew Delhi :bAffiliated East- West Press Ltd ,c1985. a195 p.;bPBc23 cm. aFilesand the filestore9128500 aCompound commands9128571 ashell9128572 aBerry, R E.9128501 aBlair, G .S.9128502 aHurley, P.N.9128503 aMuir, S.J.9128504 aNicol, R.J.9128505 2ddccBKe1stk005.43 WHIR c181307d181307 001040708MCAaAIMITbAIMITd2021-07-16g65.00l0o005.43 WHIRpMCA00815r2026-05-23 00:00:00v65.00w2021-07-16yBK